000 00579nam a22001937a 4500
003 OSt
005 20140310181709.0
008 121206t xxu||||| |||| 00| 0 eng d
020 _a9718280200
050 _aPE 1199
_b.G993 2003
082 _aFIL 425.07
_bG99 2003
245 _aBe your own English teacher! :
_bnouns and pronouns /
_c Maybelle Kock Guzman, Lydia Rodriguez Arcellana.
260 _aQuezon City :
_b MIlflores Publishing,
_cc2003.
300 _a70 p. ;
_c 20 cm.
521 _aBasic Ed. Students
541 _j1
562 _e1
942 _2lcc
_cBK-FIL
_kFIL
999 _c1491
_d1491